Sogno Proibito

সংরক্ষণ করুন:
গ্রন্থ-পঞ্জীর বিবরন
প্রধান লেখক: Daoma Winston
বিন্যাস: গ্রন্থ
ভাষা:অজানা বা ভুল ভাষা
প্রকাশিত: Gino Del Duca
ট্যাগগুলো: ট্যাগ যুক্ত করুন
কোনো ট্যাগ নেই, প্রথমজন হিসাবে ট্যাগ করুন!

MARC

LEADER 00000nam a2200000Ia 4500
001 R-1908
003 CODICE-MESSINA
005 20260212102524.0
008 260211s9999 xx 000 0 und d
040 |c importazione_messina 
100 |a Daoma Winston 
245 0 |a Sogno Proibito 
260 |b Gino Del Duca 
942 |2 ddc  |c BK 
952 |0 0  |1 0  |2 ddc  |4 0  |6 SCAFFALE_19_000000000000000__STANZA_2__ROMANZI  |7 0  |9 32749  |a ME  |b ME  |d 2026-02-11  |l 0  |o SCAFFALE 19 - STANZA 2 - ROMANZI  |p R-1908  |r 2026-02-11 23:53:22  |w 2026-02-11  |x [REVISIONARE]  |y BK 
999 |c 28416  |d 28416